| 000 | 00424nam a2200169Ia 4500 | ||
|---|---|---|---|
| 999 |
_c9174 _d9174 |
||
| 008 | 200103s 1967 ||||xx |||||||||||||| ||und|| | ||
| 082 |
_a623.88 _bHMS |
||
| 110 | _aAdmiralty | ||
| 245 | 0 | _aAdmiralty Manual of Seamanship | |
| 250 | _aVol. 3 | ||
| 260 |
_bHMSO _c1967 _aLondon |
||
| 300 | _aix, 403p. | ||
| 650 | _aShip Knowledge And Safety | ||
| 650 | _aSeamanship | ||
| 650 | _aShip Organisation | ||
| 942 | _cBK | ||